Statistics for Lyrics from the Beauty and the Beast song Gaston

Click here to take the quiz!

General Stats

  • This quiz has been taken 25 times
  • The average score is 171 of 314

Answer Stats

Answer% Correct
Gaston!
100%
Gaston.
100%
Gaston
100%
I
100%
me
100%
a
94%
A
94%
in
94%
In
94%
so
94%
the
94%
to
94%
every
89%
Every
89%
is
89%
no
89%
No
89%
be
83%
it
83%
man
83%
and
78%
And
78%
As
78%
as
78%
when
78%
When
78%
you
78%
You
78%
you.
78%
on.
72%
down
67%
guy.
67%
guy
67%
like
67%
Not
67%
not
67%
see
67%
town
67%
why.
67%
are
61%
dumps.
61%
even
61%
here
61%
looking
61%
That
61%
that
61%
there
61%
There
61%
very
61%
your
61%
Gosh
56%
hard
56%
one
56%
admired
50%
love
50%
lumps.
50%
No-one
50%
no-one
50%
quick
50%
taking
50%
am
44%
by
44%
disturbs
44%
eat
44%
eggs
44%
Everyone
44%
everyone's
44%
five
44%
For
44%
for
44%
his
44%
inspired
44%
My
44%
my
44%
of
44%
they
44%
would
44%
at
39%
awed
39%
can
39%
dozen
39%
help
39%
lad
39%
morning
39%
what
39%
whose
39%
ask
33%
ate
33%
favourite
33%
four
33%
get
33%
got
33%
incredibly
33%
intimidating.
33%
neck
33%
or
33%
slick
33%
tell
33%
thick
33%
was
33%
will
33%
all
28%
any
28%
fights
28%
Gaston's.
28%
grown
28%
half
28%
have
28%
manly.
28%
now
28%
Perfect
28%
prefer
28%
roughly
28%
size
28%
specimen
28%
Stanley
28%
yes
28%
barge!
22%
been
22%
bit
22%
Dick
22%
large.
22%
no-one's
22%
No-one's
22%
paragon!
22%
pure
22%
team
22%
Tom,
22%
best
17%
bites
17%
chin
17%
cleft
17%
drips.
17%
Give
17%
him
17%
hurrahs!
17%
king
17%
match
17%
nobody
17%
Oh
17%
pin
17%
rest
17%
swell
17%
then
17%
twelve
17%
wrestling
17%
burly
11%
Douses
11%
hair.
11%
hip-hips!
11%
lights
11%
shoots
11%
with
11%
around
6%
beauts
6%
biceps
6%
boots
6%
brawny.
6%
covered
6%
especially
6%
goes
6%
good
6%
hits
6%
inch
6%
last
6%
makes
6%
Ptoooie (spits)
6%
spare.
6%
spits
6%
those
6%
tromping
6%
wearing
6%
wits
6%
ahhh
0%
antlers
0%
decorating!
0%
expectorating!
0%
matches
0%
points
0%
right
0%
scraggly
0%
scrawny.
0%
spitting
0%
Ten
0%
use
0%
wow!
0%

Score Distribution

Percentile by Number Answered

Percent of People with Each Score

Your Score History

You have not taken this quiz